000 00242nam a2200097 a 4500
005 20200930070501.0
008 110907s1787 000 spa d
245 0 _aLso diez libros de architectura.
260 _aMadrid,
_c1787.
999 _c33232
_d33232
040 _aDO-SdBNP